Najpopularniejsi raperzy w tym tygodniu . 06-12.11 - Statystyki

Ogólne statystyki
  • Ten quiz został rozwiązany 72 razy
    71 od ostatniego zresetowania
  • Średni wynik to 8 z 15
Statystyki odpowiedzi
Wyświetlenia Artysta % Poprawnych
2.64M Mata
82%
4.11M Bedoes
80%
2.95M Białas
72%
2.73M White 2115
72%
3.04M Żabson
68%
2.74M Quebonafide
58%
3.52M Kizo
55%
4.37M Sobel
54%
5.57M Szpaku
54%
3.57M Taco Hemingway
54%
5.91M Guzior
52%
4.06M Paluch
48%
4.18M Tymek
42%
5.46M Kabe
32%
4.33M Pezet
12%
Nie znaleziono quizów pasujących do podanych kryteriów
Rozkład punktacji
Procent ludzi z każdym wynikiem
Percentyl według liczby udzielonych odpowiedzi
Twoja historia wyników
Nie rozwiązałeś tego quizu od ostatniego zresetowania